Labyrinthe - niveau expert #1 - Statistiques

Statistiques générales
  • Ce quiz a été pris 920 fois
    903 depuis la dernière actualisation
  • Le résultat moyen est 80 sur 103
Réponses sur la Carte
Les réponses sont colorées sur une échelle allant du rouge au vert en fonction du pourcentage des utilisateurs qui les ont devinées à leur premier essai. Vous pouvez retrouver ces pourcentages ci-dessous.
 
Statistiques - réponses
Réponse % Correct
s
95%
a | q
94%
d
94%
s
94%
s
94%
a | q
93%
d
92%
d
92%
s
92%
s
92%
a | q
91%
a | q
91%
a| q
91%
s
91%
s
91%
s
91%
w | z
91%
s
90%
s
90%
d
89%
s
89%
d
88%
d
88%
d
88%
s
88%
w| z
88%
w| z
88%
a| q
87%
s
87%
d
86%
s
86%
s
86%
d
84%
w| z
84%
w| z
83%
d
82%
s
82%
d
81%
d
81%
s
81%
w| z
81%
a| q
80%
s
80%
s
80%
s
80%
d
78%
s
78%
s
78%
d
77%
d
77%
s
77%
w| z
77%
w| z
77%
d
76%
d
76%
w| z
76%
w| z
76%
a| q
75%
d
75%
s
75%
s
75%
s
75%
a| q
74%
s
74%
a| q
73%
s
73%
s
73%
s
73%
a| q
72%
a| q
71%
w| z
70%
a| q
69%
a| q
69%
a| q
69%
a| q
69%
w| z
69%
w| z
69%
d
68%
d
68%
w| z
68%
a| q
67%
a| q
66%
a| q
66%
w| z
65%
w| z
65%
a| q
64%
a| q
64%
w| z
64%
w| z
64%
w| z
64%
s
63%
s
63%
d
62%
s
62%
s
62%
a| q
61%
d
61%
s
61%
s
60%
s
60%
d
59%
s
59%
s
59%
Aucun quiz correspondant
Distribution des résultats
% des personnes avec chaque résultat
Percentile par nombre de réponses
Votre historique - résultats
Vous n’avez pas pris ce quiz depuis la dernière actualisation